Представление документа в формате MARC21

Поле Инд. ПП Название Значение
Тип записи m
Библиографический уровень m
001 Контрольный номер 2a12c09b36994d70a661264ebb60b666
005 Дата корректировки 20190422103842.8
008 Кодируемые данные 160218|||||||||ru||||||||||||||||||rus||
040 b Код языка каталог. rus
e Правила каталог. PSBO
084 a Индекс другой классификации/Индекс ББК 72+74.58+65.5я7
090 x Авторский знак М 54
245 10 a Заглавие Методические указания к организации и проведению производственной практики
c Ответственность Федер. агентство по рыболовству, ФГБОУ ВПО "Мурман. гос. техн. ун-т", Каф. междунар. отношений и коммуникаций ; сост. И. З. Щетинская, Е. С. Саенкова
h Физич. носитель Электронный ресурс
b Продолж. заглавия для студентов направления подгот. 38.03.01 (080100.62) "Экономика" (профиль "Мировая экономика") оч. формы обучения
256 a Характеристики компьютерного файла Электрон. текстовые дан. (1 файл : 159 Кб)
260 a Место издания Мурманск
b Издательство Изд-во МГТУ
c Дата издания 2015
500 10 a Примечание Доступ из локальной сети Мурман. гос. техн. ун-та. - Загл. с экрана
583 x Служебное примечание Полнотекстовые документы
x Служебное примечание Труды преподавателей МГТУ
z Открытое примечание 38.00.00
z Открытое примечание 38.03.01
z Открытое примечание Для студентов экономических специальностей
653 1_ a Ключевые слова Методические указания; Мировая экономика; Производственная практика; Труды преподавателей МГТУ; Электронные версии
856 0_ u URL https://elib.mauniver.ru/2015/M_15_27.pdf
901 t Тип документа m
952 c Вид литературы учебно-методическое издание